000 00364nam a22001457a 4500
008 211020b ||||| |||| 00| 0 eng d
020 _a9780323035071
041 _aeng
080 _25th
_a616
082 _a616
100 _a6
101 _aPAT
245 _aPathophysiology The Biologic Basis for Disease in Adults and Children
_cCane,K.L.M
942 _2udc
_cBK
999 _c58309
_d58309